000 00473nam a22001937a 4500
003 OSt
005 20140310182831.0
008 130603t xxu||||| |||| 00| 0 eng d
050 _aK 2100
_b.P826 1989
082 _aM 347.731
_bP81 1989
245 _aNot OUR America… The ACLU Exposed!
_cPopeo, Daniel J.
260 _cc1989
300 _a117 p.
521 _acollege students
526 _c1210L-1700L
541 _j1
562 _e1
942 _2lcc
_cBK
_kM
999 _c16619
_d16619